Catálogo público

Plants and vitamins (Record no. 56757)

MARC details
000 -CABECERA
campo de control de longitud fija 00948nam a22003017a 4500
003 - IDENTIFICADOR DEL NÚMERO DE CONTROL
campo de control CHAP
005 - FECHA Y HORA DE LA ÚLTIMA TRANSACCIÓN
campo de control 20220329140732.0
008 - DATOS DE LONGITUD FIJA--INFORMACIÓN GENERAL
campo de control de longitud fija 971013c19491943 r 00010 d
010 ## - NÚMERO DE CONTROL DE LA BIBLIOTECA DEL CONGRESO
Número de control de LC 56757
011 ## - ENLACE DEL NUMERO DE CONTROL DE LA BIBLIOTECA DEL CONGRESO [OBSOLETO]
Número de control de LC 57729
035 ## - NÚMERO DE CONTROL DEL SISTEMA
Número de control de sistema 61884
040 ## - FUENTE DE LA CATALOGACIÓN
Centro/agencia transcriptor CHAP
082 ## - NÚMERO DE LA CLASIFICACIÓN DECIMAL DEWEY
Número de clasificación 581.194
Número de documento/Ítem S24 1949
100 00 - ENTRADA PRINCIPAL--NOMBRE DE PERSONA
Nombre de persona Schopfer, W. H.
9 (RLIN) 103145
245 ## - MENCIÓN DE TÍTULO
Título Plants and vitamins
260 ## - PUBLICACIÓN, DISTRIBUCIÓN, ETC.
Lugar de publicación, distribución, etc. Waltham :
Nombre del editor, distribuidor, etc. Chronica Botanica,
Fecha de publicación, distribución, etc. 1949 (c.1943)
300 ## - DESCRIPCIÓN FÍSICA
Extensión 293 p.
Otras características físicas : ilus.
490 ## - MENCIÓN DE SERIE
Mención de serie New series of plant science books
Designación de volumen o secuencia ; 11
590 ## - NOTA LOCAL (RLIN)
Nota local BATCH-UPD
Procedencia (VM) [OBSOLETO] 10
Condición del los carretes individuales (VM) [OBSOLETO] 20130110
-- UCH01
-- 0639
590 ## - NOTA LOCAL (RLIN)
Nota local BATCH-UPD
Procedencia (VM) [OBSOLETO] 10
Condición del los carretes individuales (VM) [OBSOLETO] 20130110
-- UCH01
-- 2313
590 ## - NOTA LOCAL (RLIN)
Nota local CONVERSION
Procedencia (VM) [OBSOLETO] 10
Condición del los carretes individuales (VM) [OBSOLETO] 20130109
-- UCH01
-- 1330
650 14 - PUNTO DE ACCESO ADICIONAL DE MATERIA--TÉRMINO DE MATERIA
Término de materia o nombre geográfico como elemento de entrada Plantas
Subdivisión general Crecimiento
-- Aditivos.
9 (RLIN) 88804
650 14 - PUNTO DE ACCESO ADICIONAL DE MATERIA--TÉRMINO DE MATERIA
Término de materia o nombre geográfico como elemento de entrada Vitaminas en plantas.
9 (RLIN) 120024
830 0# - PUNTO DE ACCESO ADICIONAL DE SERIE-TÍTULO UNIFORME
Título uniforme New series of plant science books
Designación de volumen o secuencia ; 11
9 (RLIN) 81011
901 ## - ELEMENTOS DE DATOS A LOCAL LDA (RLIN)
a BK
942 ## - ELEMENTOS DE PUNTO DE ACCESO ADICIONAL (KOHA)
Tipo de ítem Koha Libro
949 ## - PROCESAMIENTO DE INFORMACIÓN LOCAL (OCLC)
a 581.194 S24 1949
b BC
c LIBRO
d 33724000452595
e LIBRO
h 9384
i 61884
s i
Holdings
Estado de retiro Estado de pérdida Fuente del sistema de clasificación o colocación Estado dañado Restricciones de uso No para préstamo Código de colección Localización permanente Ubicación/localización actual Ubicación en estantería Fecha de adquisición Información codificada de la localización en otra ubicación Total de préstamos Signatura topográfica completa Código de barras Fecha visto por última vez Precio válido a partir de Tipo de ítem Koha
    Dewey Decimal Classification   Préstamo 15 días   General Biblioteca Central Biblioteca Central Planta alta - Colección General 31/12/2019 LIBRO   581.194 S24 1949 33724000452595 31/12/2019 31/12/2019 Libro